[Event "GBR-ch U1750 op 105th"]
[Site "Hull"]
[Date "2018.08.01"]
[Round "3"]
[White "Pride, Stephen C"]
[Black "Pearce, Neville R"]
[Result "1-0"]
[WhiteElo "1554"]
[BlackElo "1655"]
[PlyCount "81"]
[EventDate "2018.07.30"]
[EventType "swiss"]
[EventRounds "5"]
[EventCountry "ENG"]
[SourceTitle "EXT 2021"]
[Source "ChessBase"]
[SourceDate "2020.10.23"]
[SourceVersion "1"]
[SourceVersionDate "2020.10.23"]
[SourceQuality "1"]

1. Nc3 d5 2. e3 Nf6 3. Nf3 Bg4 4. h3 Bxf3 5. Qxf3 e5 6. b3 c6 7. Bb2 Nbd7 8. g4 h6 9. Bg2 Qc7 10. 0-0-0 0-0-0 11. Kb1 Bd6 12. e4 d4 13. Ne2 c5 14. d3 b5 15. c4 b4 16. Kc2 Kb7 17. a3 a5 18. axb4 axb4 19. h4 Nb6 20. g5 Ne8 21. Ra1 Ra8 22. Rxa8 Nxa8 23. Ra1 hxg5 24. hxg5 f6 25. Bc1 Rf8 26. Qg3 Be7 27. g6 Rh8 28. Bd2 Bd6 29. Qg4 Nb6 30. Nf4 exf4 31. e5+ Kb8 32. exd6 Nxd6 33. Bxf4 Re8 34. Qg3 Rd8 35. Qf3 Kc8 36. Qh3+ Kb8 37. Qe6 Qd7 38. Qxd7 Rxd7 39. Rh1 Kc7 40. Rh7 Nbc8 41. Bh3 1-0

[Event "GBR-ch U1900 op 104th"]
[Site "Llandudno"]
[Date "2017.08.03"]
[Round "4"]
[White "Pride, Stephen C"]
[Black "Taylor, Robert P"]
[Result "1-0"]
[WhiteElo "1656"]
[BlackElo "1854"]
[PlyCount "77"]
[EventDate "2017.07.31"]
[EventType "swiss"]
[EventRounds "5"]
[EventCountry "WLS"]
[SourceTitle "EXT 2019"]
[Source "ChessBase"]
[SourceDate "2018.10.10"]
[SourceVersion "1"]
[SourceVersionDate "2018.10.10"]
[SourceQuality "1"]

1. f4 d6 2. Nf3 c6 3. e3 g6 4. Be2 Bg7 5. 0-0 Nf6 6. d3 Qc7 7. a4 Nbd7 8. Bd2 0-0 9. Nc3 Re8 10. Rb1 e5 11. fxe5 Nxe5 12. Nxe5 Rxe5 13. e4 Bd7 14. Bf4 Re6 15. Qd2 Rae8 16. Kh1 Nh5 17. Bxh5 gxh5 18. Rf3 Rg6 19. Rg3 Ree6 20. Rf1 h4 21. Rxg6 Rxg6 22. Nd1 Qb6 23. c3 c5 24. Ne3 h5 25. Nd5 Qd8 26. h3 Kh7 27. Qf2 f5 28. Qf3 fxe4 29. Qxh5+ Bh6 30. Bxh6 Rxh6 31. Rf7+ Kg8 32. Rxd7 Qxd7 33. Qxh6 Qxa4 34. Qg6+ Kf8 35. dxe4 Qd1+ 36. Kh2 Qe1 37. Qxd6+ Kg7 38. Qf6+ Kh7 39. Qf3 1-0

[Event "GBR-ch Soanes op 104th"]
[Site "Llandudno"]
[Date "2017.07.29"]
[Round "2"]
[White "Laurillard, Xavier"]
[Black "Pride, Stephen C"]
[Result "1/2-1/2"]
[WhiteElo "1310"]
[BlackElo "1656"]
[PlyCount "65"]
[EventDate "2017.07.28"]
[EventType "swiss"]
[EventRounds "5"]
[EventCountry "WLS"]
[SourceTitle "EXT 2019"]
[Source "ChessBase"]
[SourceDate "2018.10.10"]
[SourceVersion "1"]
[SourceVersionDate "2018.10.10"]
[SourceQuality "1"]

1. e4 d6 2. d4 Nf6 3. Nc3 e5 4. dxe5 dxe5 5. Qxd8+ Kxd8 6. Be3 Bd6 7. 0-0-0 Ke7 8. f3 Be6 9. Bd3 c6 10. Nge2 Nbd7 11. g3 Nc5 12. f4 Nxd3+ 13. cxd3 b6 14. f5 Bc8 15. h3 h5 16. Bg5 Ba6 17. Kc2 Kd7 18. Bxf6 gxf6 19. Nc1 Ke7 20. Nb3 Rag8 21. Rdg1 Bb7 22. a3 Rg7 23. Ne2 Rhg8 24. Kd2 c5 25. Ke3 Rg5 26. Rh2 Bc7 27. Rhh1 Bd6 28. Nd2 b5 29. Nf3 R5g7 30. Rc1 Rc8 31. Rhg1 Rgg8 32. Rg2 Rg7 33. Rgg1 1/2-1/2